000 00497nam a2200169Ia 4500
008 090201s9999 xx 000 0 und d
010 _aKPL-28876
040 _bमराठी
041 _aमराठी
082 _a30998
_b28876
100 _aनयनतारा देसाई
245 _aमळभ
_cनयनतारा देसाई
260 _c2004
_bउत्कर्ष प्रकाशन
300 _a183
_bमोठा
600 _aमळभ
942 _cBOOK
999 _c229496
_d229496